Digital media and society : (Record no. 3484)
[ view plain ]
| 000 -LEADER | |
|---|---|
| fixed length control field | 00494nam a22001575i 4500 |
| 008 - FIXED-LENGTH DATA ELEMENTS--GENERAL INFORMATION | |
| fixed length control field | 161208s2017 cau 000 0 eng |
| 020 ## - INTERNATIONAL STANDARD BOOK NUMBER | |
| ISBN | 9781473925007 (hardcover) |
| 020 ## - INTERNATIONAL STANDARD BOOK NUMBER | |
| ISBN | 9781473925014 (paberback) |
| 100 1# - MAIN ENTRY--AUTHOR | |
| Author | Lindgren, Simon. |
| 245 10 - TITLE STATEMENT | |
| Title | Digital media and society : |
| Remainder of title | theories, topics and tools / |
| Statement of responsibility, etc | Simon Lindgren. |
| 260 ## - PUBLICATION, DISTRIBUTION, ETC. (IMPRINT) | |
| Place of publication | London |
| Name of publisher | Sage |
| Date of publication | 2017 |
| 300 ## - COLLATION | |
| Pagination | vii, 320p. |
| Other physical details | ill. |
| 650 ## - TRACINGS | |
| Main Subject | Digital Media-Social aspect |
| Subdivision (1st) | Information society |
| 942 ## - ADDED ENTRY ELEMENTS (KOHA) | |
| Item type | Books |
| 050 ## - LIBRARY OF CONGRESS CALL NUMBER | |
| Classification number | HM851 |
| Item number | .L56 |
| Source of classification or shelving scheme | Not for loan | Permanent location | Current location | Date acquired | Accession No. | Full call number | Barcode. | Koha item type |
|---|---|---|---|---|---|---|---|---|
| Library of Congress Classification | Samuel Ogbemudia Main Library, University of Abuja | Samuel Ogbemudia Main Library, University of Abuja | 05/14/2025 | 2024/63858 | HM851.L56 | 2025-1952 | Books |